000 00463cam a2200145 4500500
005 20251012011333.0
041 _afre
042 _adc
100 1 0 _aRogé, Antoine
_eauthor
245 0 0 _aS’aimer sous l’œil d’un tiers
260 _c2015.
500 _a61
786 0 _nPhilosophie magazine | 86 | 2 | 2015-02-01 | p. 31-32 | 1951-1787
856 4 1 _uhttps://shs.cairn.info/magazine-philosophie-magazine-2015-2-page-31?lang=fr&redirect-ssocas=7080
999 _c1522680
_d1522680